[Event "FIDE World Cup"]
[Site "Khanty-Mansiysk"]
[Date "2005.12.06"]
[Round "4.1"]
[White "Grischuk, Alexander"]
[Black "Kamsky, Gata"]
[Result "1-0"]
[WhiteElo "2720"]
[BlackElo "2690"]
[Annotator "Gershon,A"]
[PlyCount "65"]
[EventDate "2005.11.27"]
[EventType "k.o."]
[EventRounds "7"]
[EventCountry "RUS"]
[SourceTitle "CBM 111"]
[Source "ChessBase"]
[SourceDate "2006.04.04"]
[SourceVersion "1"]
[SourceVersionDate "2006.04.04"]
[SourceQuality "1"]

{[%mdl 1]} 1. e4 e5 2. Nf3 Nc6 3. Bb5 a6 4. Ba4 Nf6 5. O-O Be7 6. Re1 b5 7. Bb3
O-O 8. h3 {Anti-Marshall. By this move order White deprives Black of a
possibility to enter the sharp ... well, Marshall, of course, why esle would
it call it like that.} (8. c3 d5 9. exd5 Nxd5 {Black obtains a very lively
position, and the number of people willing to suffer for a pawn decreases from
game to game. Well, perhaps, "suffer" is a bit strong word, but advantage, at
least to date, seems to vary from marginal to none.}) 8... Bb7 9. d3 d6 10. a3
h6 11. Nc3 Re8 {Black has a pretty solid position, although White has a
spatial advantage and a more pleasant position in general.} 12. Nd5 (12. Ne2 d5
13. exd5 Nxd5 14. Ng3 Bf8 15. c3 Qd7 16. Ne4 Kh8 17. Nh4 Nd8 18. Qg4 Qxg4 19.
hxg4 Ne6 20. g3 Rad8 21. a4 $1 b4 22. a5 $1 Rd7 23. Bc4 {was better due to a
weakness of the a-pawn. 1-0 Bologan,V (2580)-Sakaev,K (2620)/Elista 1998/CBM
065 (60) and White}) 12... Nxd5 ({After} 12... Bf8 {Svidler managed to prove
his superiority over Naiditsch in Dortmund 2004. The game followed} 13. c3 Nb8
14. Nxf6+ Qxf6 15. Nh2 Nd7 16. Re3 {White is threatening to build up a
profound attack on his enemy's king, so Black decided to hurry with a pawn sac:
} d5 17. exd5 Qd6 18. c4 c6 19. dxc6 Qxc6 20. Rg3 Nc5 21. cxb5 axb5 22. Ba2 {
1-0 Svidler,P (2727)-Naiditsch,A (2574)/Dortmund 2004/CBM 102 (39) and White
managed to win eventually.}) 13. Bxd5 Qc8 {Vacating d8 for the knight, as the
bishop on d5 has to be fought against. However, solving a local problem (Bd5)
Black makes concessions on more important issues (like piece placements and
the center).} 14. c3 Nd8 {Nd8-e6 is nothing unsual in the Ruy Lopez, but here
White manages to exploit that very instant. Black's pieces are disorganized,
and White obtains a very pleasant advantage.} ({Better seems to be} 14... Bf6 {
not allowing White to control the center}) 15. d4 $1 Bf6 {Although Black holds
on to his center for now, his pieces are completely disorganized, and Grischuk
makes use of it.} ({After} 15... Bxd5 16. exd5 {the knight will be deprived of
any future (no dreams, no goals, nothing), but he (Black) will have immediate
problems with the e-file.}) 16. Nh2 {While the Black pieces are gathered on
the queenside, and there is no obvious way for them to go kingside, White is
using his spatial advantage to develop a strong initiative on the king.
Traditionally in these positions, a knight is much better placed on g4 that on
f3, so this maneuver is not exactly new, but is still very strong.} exd4 17.
Ng4 $1 {The point, of course.} ({After} 17. cxd4 Bxd5 18. exd5 Rxe1+ 19. Qxe1
Qf5 $1 {Black gets very good play.}) 17... Bg5 {Kamsky doesn't just protect
the bishop, but covers the very improtant h6 square, to avoid unpleasant
surprises.} ({For illistrational purposes only, one could suggest} 17... Bh4 $2
{as an alternative to the text:} 18. Bxh6 $1 {Or} gxh6 (18... Bxd5 {loses to}
19. Qxd4 $1 {(White has an intermediate move as well!)} Ne6 (19... gxh6 20.
exd5 $18 {and despite being a piece up, Black is hopeless.}) 20. Qxd5 gxh6 21.
Nxh6+ Kh7 22. Qh5 Bxf2+ 23. Kxf2 Ng7 24. Qh4 Qd8 25. Nf5+ Qxh4+ 26. Nxh4 {
a pawn in the endgame should suffice White for a win.}) (18... dxc3 19. Qd4
gxh6 20. Nxh6+ Kh7 21. Nf5 Rg8 22. Qxc3 $1 {transferring the queen to the
kingside} Bxd5 23. Qf3 $1 Rg5 24. Ne7 Qe6 25. exd5 Qh6 26. Qe4+ Kg7 27. Rac1 $1
{and although White is a piece down, the knight on d8 is not a factor in this
game, whereas the weak king is.}) 19. Nxh6+ Kf8 $8 20. Nf5 {And again, with
all the army on vacation, the king cannot survive. The inevitable Qh5 will
decide the game.}) 18. cxd4 Bxd5 ({Not good is:} 18... Ne6 19. Bxb7 Qxb7 20. d5
Nf8 21. Bxg5 hxg5 22. Qd2 {with full control on both flanks for White.}) ({Also
} 18... c6 {doesn't really improve Black's position.} 19. Bb3 Ne6 20. f4 $1 {
and the pawn mass will just erase Black's position, while taking on f4 loses
by force:} Bd8 (20... Nxf4 21. Bxf4 Bxf4 22. Qf3 {winning an exchange, and
with it the game.}) 21. f5 Ng5 22. f6 {etc}) 19. exd5 {Watch the black knight
on d8. What a poor fella.} Rxe1+ 20. Qxe1 Kf8 {Of course, the queen cannot be
allowed to invade along the e-file:} ({After} 20... Qf5 21. Qe8+ Kh7 22. Bxg5
Qxg5 23. Ne3 {Black is as tied up as it's possible.}) 21. Bxg5 hxg5 22. Qe3 {
provoking further weakening of the kingside (after f6), and namely e6, as Qf5
is strongly met with a natural Re1.} f6 23. Re1 Qd7 {Although the first
invasion has been prevented, Black's position hasn't got any better. White
slowly increases the pressure, until Black's defense cracks under it.} 24. h4
$1 {And now it's time to create another weakness} ({With all the prettiness of
his position, White cannot waste time:} 24. Qd3 Nf7 25. Qh7 Re8 {and Black
holds.}) 24... Nf7 ({The point of White's last move can be observed after} 
24... gxh4 25. Nxf6 $1 gxf6 26. Qh6+ Kg8 (26... Qg7 27. Re8+ Kf7 28. Re7+ Kxe7
29. Qxg7+ {is easily won for White}) 27. Qxf6 $1 Qf7 28. Qg5+ Kf8 29. Qh6+ Kg8
30. Re4 {Black's a piece up, but it's hardly a consolation for a lost game. e.g
} Qg7 31. Qxh4 {and Black cannot prevent losing a queen}) ({A switch from a
passive defense to a reckless attack proves to be too sharp for... Black, of
course:} 24... f5 25. Nh2 g4 26. Nf1 {the knight goes to g3, attacking a
new-born weakness on f5.} Nf7 27. Ng3 Nh6 28. Nh5 {and now to f4.. White's
advantage is very big.}) 25. Qe6 Rd8 {Black trusts he will be able to hold
passively, but he will soon realize that this is false.} ({For better or worse,
he should have gone for:} 25... Qxe6 26. dxe6 Re8 $1 ({Or} 26... Nh6 27. Ne3)
27. d5 c6 28. Rc1 Nd8 29. dxc6 Nxe6 30. hxg5 Nxg5 31. Ne3 {and White is
significantly better.}) 26. h5 f5 $2 {Loses immediately, but the position was
already very difficult.} (26... Qxe6 {again leads to a position analyzed
previously.} 27. dxe6 Re8 $1 28. d5 c6 $1 29. Rc1 Nd8 30. dxc6 Nxe6 31. Ne3)
27. Nf6 $1 {A great combination, leading to a logical conclusion of the game.
Of course, having such a control all over the board, it's anything but
surprising that there is one.} gxf6 ({After} 27... Qxe6 28. dxe6 {Black cannot
take the knight because of the fork}) 28. Qxf6 {the threat is painfully simple:
h6.} Re8 29. Re6 Qd8 (29... Rxe6 {also does not save Black:} 30. dxe6 Qe7 31.
Qxf5 {with a totally lost position}) 30. Qxf5 g4 31. Rf6 Re7 ({Or} 31... Re1+
32. Kh2 Ke8 33. h6 Qe7 (33... Nxh6 34. Rf8+ Ke7 35. Qf6+ Kd7 36. Qxd8#) 34. h7
{etc}) 32. h6 Qd7 (32... Ke8 {leads to a nice finish:} 33. h7 Qd7 34. h8=R+
Nxh8 35. Rf8#) 33. Qg6 1-0

[Event "FIDE World Cup"]
[Site "Khanty-Mansiysk"]
[Date "2005.12.07"]
[Round "4.2"]
[White "Kamsky, Gata"]
[Black "Grischuk, Alexander"]
[Result "1/2-1/2"]
[WhiteElo "2690"]
[BlackElo "2720"]
[Annotator "Finkel,A"]
[PlyCount "142"]
[EventDate "2005.11.27"]
[EventType "k.o."]
[EventRounds "7"]
[EventCountry "RUS"]
[SourceTitle "CBM 111"]
[Source "ChessBase"]
[SourceDate "2006.04.04"]
[SourceVersion "1"]
[SourceVersionDate "2006.04.04"]
[SourceQuality "1"]

1. e4 e5 2. Nf3 Nc6 3. Bb5 a6 4. Ba4 Nf6 5. O-O Be7 6. Re1 b5 7. Bb3 O-O 8. d4
d6 9. c3 Bg4 10. d5 Na5 11. Bc2 c6 12. h3 Bc8 13. dxc6 Qc7 14. Nbd2 Qxc6 15.
Nf1 Be6 16. Ng3 Rfe8 17. Nh4 {Finally deviating from his ''old'' game against
Anand in which Kamsky didn't manage to get any opening advantage.} (17. Qe2
Rac8 (17... Bf8 18. Ng5 Bd7 19. Nh5 Be7 20. Nxf6+ Bxf6 21. Qh5 Bxg5 22. Bxg5 f6
23. Bc1 Be6 24. Re3 $36 {Tseshkovsky,V-Savon,V/Ashkhabad 1978}) 18. Bd3 Nd7 19.
Ng5 Bxg5 20. Bxg5 Nc5 21. Bc2 f6 22. Bc1 Na4 23. Qf3 Rc7 24. Nf5 $14 {1/2-1/2
Kamsky,G-Anand,V/Monte Carlo 1996 (83)}) (17. Nf5 $5 Bxf5 $6 18. exf5 h6 19. a4
Nc4 20. Nd2 Rac8 21. axb5 axb5 22. Nxc4 Qxc4 23. Bd3 $16 {Brynell,S-Sorensen,T/
Copenhagen 1989}) 17... d5 $5 18. exd5 {This move appears to be a novelty.
White decides to take a pawn passing the initiative into Black's hands.} (18.
Nhf5 Bf8 19. Qf3 Rac8 20. Bg5 Nxe4 21. Nxe4 dxe4 22. Bxe4 Qc7 23. Bf6 Bxf5 24.
Qxf5 g6 $11 {Schaefer,M-Wegner,H/Germany 1991}) 18... Bxd5 19. Rxe5 Nc4 20. Re2
{Keeping an eye on f2.} Bc5 21. a4 {Hoping to bring the rook into play via the
a-file.} Rad8 {[%cal Gd8d1]} ({Another worthy possibility was} 21... Rxe2 $5
22. Qxe2 b4 23. b3 Re8 24. Qd1 Nd6 $44 {keeping White's rook out of play.}) 22.
axb5 axb5 23. Rxe8+ Qxe8 $1 ({Less convincing is} 23... Rxe8 24. Nf3 Qb6 {
[%csl Rf2]} (24... Bxf3 25. Qxf3 Re1+ 26. Kh2 Qxf3 27. gxf3 Bxf2 28. Ra8+ Ne8
29. Bf4 $14) 25. Nd4 b4 26. Ngf5 $14 {and White keeps an extra pawn.}) 24. Bg5
h6 $1 {An excellent move based on precise calculation. On the other hand Black
doesn't really have a choice as after} (24... Bxg2 $2 {he seems to lose by
force:} 25. Qc1 Bb7 26. Bxf6 gxf6 (26... Bxf2+ 27. Kxf2 Rd2+ 28. Qxd2 Nxd2 29.
Rd1 gxf6 30. Rxd2 Qb8 31. Nhf5 $18 {[%csl Rg8]}) 27. Qh6 {[%csl Rh7]} Bxf2+ 28.
Kxf2 Rd2+ 29. Kg1 Rxc2 30. Nh5 {[%cal Gh5f6,Gh6g7]} Qe3+ $8 31. Qxe3 Nxe3 32.
Re1 $18 {[%cal Ge1e8]}) 25. Bxf6 Bxf2+ $1 {The point behind 24...h6!} 26. Kxf2
({Also after} 26. Kh2 Bxg3+ 27. Kxg3 gxf6 (27... Qe3+ $6 28. Nf3 gxf6 29. Qd4
$14) 28. Qd4 (28. Nf5 Qe5+ 29. Kf2 Ne3 $1 30. Nxe3 Qf4+ 31. Kg1 Qxe3+ 32. Kh2
Qf4+ $11) 28... Qe5+ 29. Kf2 Re8 $13 {Black has nothing to worry about.}) 26...
Qe3+ 27. Kf1 Nd2+ 28. Qxd2 Qxd2 29. Bxd8 Qxc2 $15 {White's pieces are placed
too badly, so he has to give up a couple of pawns in order to coordinate them.}
30. Kg1 ({No better was} 30. Ba5 g5 31. Nf3 Qxb2 32. Re1 Bxf3 33. gxf3 Qh2 34.
Bc7 Qxh3+ 35. Kg1 f5 $15 {[%csl Rf3,Rg1][%cal Gf5f4] and White has no chances
to win this game.}) 30... Qxb2 31. Rd1 Bb3 32. Rd4 Qxc3 33. Nf3 Qa1+ 34. Kh2
Bd1 35. Rd3 b4 36. Bb6 b3 37. Bd4 Qc1 38. Ng1 (38. Ne5 f6 39. Nc4 Qxc4 40. Rxd1
Qc2 41. Re1 b2 42. Bxb2 Qxb2 $17) 38... Bc2 39. N1e2 b2 40. Rc3 b1=Q $17 {
I believe under different sircumstances Grischuk would've won this position,
but since a draw was good enough to advance to the next round he didn't try
too hard...} 41. Nxc1 Qxc1 42. Rc8+ Kh7 43. Be5 f6 44. Bb8 Qd1 45. Rc5 Bg6 46.
Rc3 Bf7 47. Rf3 Qc2 48. Nf5 Bh5 49. Rf1 Bg6 50. Ng3 Bd3 51. Rf3 Ba6 52. Ba7 Bb7
53. Rf2 Qc3 54. Bb8 Qd4 55. Re2 Ba6 56. Ra2 Bc4 57. Rc2 Bd3 58. Rd2 Qc3 59. Rf2
Qb4 60. Bf4 Qd4 61. Rf3 g5 62. Be3 Qd6 63. Bc5 Qxc5 64. Rxd3 f5 65. Rf3 f4 66.
Ne4 Qf5 67. Nf2 h5 68. g3 fxg3+ 69. Kxg3 Qe5+ 70. Kg2 Qd5 71. Kg3 Qe5+ 1/2-1/2

[Event "FIDE World Cup 9-10"]
[Site "Khanty-Mansiysk"]
[Date "2005.12.15"]
[Round "7.1"]
[White "Carlsen, Magnus"]
[Black "Kamsky, Gata"]
[Result "1-0"]
[WhiteElo "2570"]
[BlackElo "2690"]
[Annotator "Atlas,V"]
[PlyCount "95"]
[EventDate "2005.11.27"]
[EventType "k.o."]
[EventRounds "7"]
[EventCountry "RUS"]
[SourceTitle "CBM 111"]
[Source "ChessBase"]
[SourceDate "2006.04.04"]
[SourceVersion "1"]
[SourceVersionDate "2006.04.04"]
[SourceQuality "1"]

1. e4 c5 2. Nf3 e6 3. d4 cxd4 4. Nxd4 a6 5. Nc3 Qc7 6. Bd3 b5 7. O-O Bb7 8. Qe2
Ne7 9. Re1 $1 {A new and a very strong move.} Nbc6 10. Nxc6 Nxc6 (10... dxc6 {
was more prudent here. The text move yields White a dangerous initiative.}) 11.
Nd5 $1 exd5 12. exd5+ Ne7 13. c4 $1 b4 (13... bxc4 14. Bxc4 Qd6 {is strongly
met by} 15. g3 {/\Bf4.}) 14. Bg5 f6 15. Qh5+ g6 16. Qf3 fxg5 17. Qf6 O-O-O 18.
Qxh8 ({It is much stonger than} 18. d6 Ng8 $1 19. Qxh8 Bxd6 {, and Black has
excellent attacking prospects.}) 18... Qd6 19. Be4 Kb8 20. Rac1 Qf4 21. g3 Qf7
22. Qd4 d6 23. Qb6 Rd7 24. Qxb4 Nf5 25. Bxf5 gxf5 26. Re6 f4 27. Rce1 Rd8 28.
Qb6 Rc8 29. b4 fxg3 30. hxg3 h5 31. b5 Qc7 32. Qxc7+ Kxc7 33. a4 axb5 34. axb5
Kb6 35. Re8 (35. Rf6 $1 {was another tempting continuation here.}) 35... Bg7
36. R8e6 Rd8 $2 ({The final mistake. More stubborn was} 36... Bf8 {or 36...Rc4.
After the text move White has a nice winning continuation.}) {[%tqu "En",
"Prove that you are a really strong endgame player and find the winning move
for White!","Exploit an unfortunate placement of the black bishops on the
seventh rank.","The pawn move shall break Black's defense...","c4c5","This
elegant pawn move shatters Black's last illusions.",4]} 37. c5+ $1 {[%csl Rb7,
Ge6,Rg7] This nice pawn move decides the game.} Kxc5 (37... Ka7 {falls short
after} 38. c6 {, winning immediately}) 38. Re7 Bd4 (38... Bc3 {is strongly met
by} 39. Rc7+ Kb6 40. Rxc3 Bxd5 41. Rd1 Ba8 42. Ra3 Bb7 ({or} 42... Kxb5 43.
Rda1 {followed by 44.Ra5+}) 43. Re3 {, and Black' position is defenseless.})
39. Rxb7 Rf8 40. Rc7+ Kxd5 41. Rd1 $1 {Now the game is over.} Rb8 42. Rg7 g4
43. Rg5+ Kc4 44. Rxh5 Bc5 45. Rg5 Rxb5 46. Rxg4+ Kc3 47. Kg2 Ba3 48. Rgd4 1-0

[Event "FIDE World Cup 9-10"]
[Site "Khanty-Mansiysk"]
[Date "2005.12.16"]
[Round "7.2"]
[White "Kamsky, Gata"]
[Black "Carlsen, Magnus"]
[Result "1-0"]
[WhiteElo "2690"]
[BlackElo "2570"]
[Annotator "Rogozenco,D"]
[PlyCount "61"]
[EventDate "2005.11.27"]
[EventType "k.o."]
[EventRounds "7"]
[EventCountry "RUS"]
[SourceTitle "CBM 111"]
[Source "ChessBase"]
[SourceDate "2006.04.04"]
[SourceVersion "1"]
[SourceVersionDate "2006.04.04"]
[SourceQuality "1"]

1. e4 c5 2. Nf3 Nc6 3. d4 cxd4 4. Nxd4 Nf6 5. Nc3 e5 6. Ndb5 d6 7. Bg5 a6 8.
Na3 b5 9. Nd5 Be7 10. Bxf6 Bxf6 11. c3 Bg5 12. Nc2 Ne7 13. Ncb4 O-O 14. a4 bxa4
15. Qxa4 a5 $6 ({The main continuation is} 15... Nxd5 16. Nxd5 Bd7 {after
which White is slightly better. One of the latest examples:} (16... Be6 17. Bc4
Qb8 18. O-O Rc8 19. Bxa6 Bxd5 20. exd5 Rc7 21. Qb5 $16 {0-1 Krakops,M (2440)
-Shariyazdanov,A (2470)/Siofok 1996 (42)}) 17. Qd1 (17. Qa2) (17. Qa3) (17. Qc2
) (17. Qa5) 17... a5 18. Be2 a4 19. O-O Rb8 20. Nb4 Qb6 21. Bd3 $1 Ra8 22. Bc2
Bb5 23. Re1 a3 24. Rxa3 Rxa3 25. bxa3 Bh4 26. g3 Bd8 27. Qd5 Ba6 28. Rd1 $16 {
1-0 Baramidze,D (2554)-Brener,I (2323)/Osterburg 2006 (48)}) 16. Bb5 $1 Nxd5
17. Nxd5 $1 ({Shariyazdanov and Lisenko recommended} 17. exd5 {with the idea
Nc6, evaluation the position as clear better for White. But Black can always
sacrifice the pawn on a5 and achieve good compensation:} f5 (17... Qf6 $5 18.
O-O Qg6 $13) 18. Nc6 Qf6 (18... Qb6 $5) (18... Qe8 $5) 19. O-O (19. b4 f4 $36)
(19. Nxa5 f4 20. f3 (20. O-O f3 $40) 20... Bh4+ $44) 19... f4 20. f3 Bf5 $5 21.
Nxa5 Qg6 $44 {[%cal Gg5d8,Gd8b6]}) 17... Be6 18. Bc6 Rb8 19. Ra2 Qc8 20. O-O
Bd8 21. b4 $1 {White's pieces are perfectly placed for the advance of the
b-pawn, while Black didn't even start any counterplay yet.} Kh8 (21... f5 $2
22. exf5 Bxf5 23. bxa5 $18 Bxa5 24. Ne7+) 22. Rd2 (22. bxa5 $2 Bxa5 $1) 22...
Qa6 $2 ({Good or bad, Black had to go for} 22... f5) 23. b5 Qa7 24. Qa3 $16 {
Now Böack's position is very difficult.} Bxd5 {No wonder that Carlsen starts
to miss simple tactics. The position is extremely unpleasant.} (24... Qc5 $8
$16) 25. Qxd6 $1 Be7 26. Qxd5 Rfd8 27. Qa2 Rxd2 28. Qxd2 a4 29. Qa2 a3 (29...
Kg8 30. Rd1 Rd8 31. Bd5 $18 {[%cal Gd1d3,Gd3f3]}) 30. Qxf7 Rf8 31. b6 $1 1-0

[Event "FIDE World Cup 9-10"]
[Site "Khanty-Mansiysk"]
[Date "2005.12.17"]
[Round "7.3"]
[White "Kamsky, Gata"]
[Black "Carlsen, Magnus"]
[Result "1-0"]
[WhiteElo "2690"]
[BlackElo "2570"]
[Annotator "Huebner,R"]
[PlyCount "77"]
[EventDate "2005.11.27"]
[EventType "k.o."]
[EventRounds "7"]
[EventCountry "RUS"]
[SourceTitle "CBM 111"]
[Source "ChessBase"]
[SourceDate "2006.04.04"]
[SourceVersion "1"]
[SourceVersionDate "2006.04.04"]
[SourceQuality "1"]

1. d4 Nf6 2. Nf3 d5 3. Bf4 c5 4. c3 cxd4 5. cxd4 Nc6 6. Nc3 Bf5 7. e3 e6 8. Bb5
Bb4 9. O-O O-O 10. Rc1 Bxc3 {Dies ist nicht nötig, aber spielbar. Es ist
jedoch mit einer verfehlten Idee verbunden.} (10... Rc8 $11) 11. Rxc3 Ne4 12.
Rc1 g5 (12... Qb6 13. Bxc6 bxc6 14. b3 {ist unbequem für Schwarz, weil Weiß
Sf3-h4 droht.}) 13. Bg3 h5 $2 {Dies ist nicht korrekt. Nach} (13... Qb6 14.
Bxc6 bxc6 15. b3 {hat Weiß einen kleinen Vorteil, aber überwältigend ist der
noch nicht.}) 14. Bxc6 bxc6 15. Ne5 h4 16. Nxc6 Qd7 17. Be5 f6 (17... Rac8 18.
f3 Ng3 (18... Rxc6 19. Rxc6 Qxc6 20. fxe4 dxe4 21. Bf6 Bg6 22. Qg4 Qd5 23. Be5
{ist hoffnungslos für Schwarz:} Qd8 24. Rf6) 19. hxg3 Rxc6 20. e4 {wird
Schwarz ebenfalls nicht aushalten.}) 18. f3 Nd6 19. Bxd6 Qxd6 20. Qd2 Rf7 21.
b4 Rg7 22. h3 Re8 23. Rfe1 Rc7 24. b5 a6 25. a4 axb5 26. axb5 Rb7 27. e4 dxe4
28. fxe4 Bh7 29. e5 Qf8 30. Rc5 Rg7 31. exf6 Qxf6 32. Ne5 Bf5 33. Rf1 Qd8 34.
Qe3 g4 35. hxg4 Bxg4 36. Nc6 Qc7 37. Rg5 h3 38. gxh3 Bf5 39. Rfxf5 1-0

[Event "FIDE World Cup 9-12"]
[Site "Khanty-Mansiysk"]
[Date "2005.12.14"]
[Round "6.3"]
[White "Kamsky, Gata"]
[Black "Vallejo Pons, Francisco"]
[Result "0-1"]
[WhiteElo "2690"]
[BlackElo "2674"]
[PlyCount "124"]
[EventDate "2005.11.27"]
[EventType "k.o."]
[EventRounds "7"]
[EventCountry "RUS"]
[SourceTitle "CBM 111"]
[Source "ChessBase"]
[SourceDate "2006.04.04"]
[SourceVersion "1"]
[SourceVersionDate "2006.04.04"]
[SourceQuality "1"]

1. e4 c5 2. Nf3 d6 3. d4 cxd4 4. Nxd4 Nf6 5. Nc3 a6 6. Bg5 e6 7. f4 Qb6 8. Nb3
Nbd7 9. Qf3 Be7 10. O-O-O Qc7 11. Bd3 b5 12. Rhe1 b4 13. Ne2 Bb7 14. Ned4 Nc5
15. Kb1 O-O 16. g4 Rac8 17. Qh3 Nxd3 18. cxd3 a5 19. Bxf6 Bxf6 20. g5 Be7 21.
Qe3 Ba6 22. Rc1 Qb6 23. Nf5 Rxc1+ 24. Nxc1 Qc7 25. Nxe7+ Qxe7 26. Qb6 Ra8 27.
Re2 e5 28. f5 Qxg5 29. Qxd6 Qd8 30. Qxd8+ Rxd8 31. Rc2 h5 32. Rc5 Bxd3+ 33.
Nxd3 Rxd3 34. Rxa5 f6 35. a4 b3 36. Rc5 Rd1+ 37. Rc1 Rd4 38. a5 Rxe4 39. a6 Ra4
40. Rc6 h4 41. Kc1 Ra2 42. Rb6 Kh7 43. Kd2 Rxb2+ 44. Kc3 Rb1 45. a7 Ra1 46. Rb7
e4 47. Kb2 Ra5 48. Kxb3 e3 49. Kc2 Ra2+ 50. Kd1 Kh6 51. h3 Kg5 52. Rxg7+ Kxf5
53. Rg4 Ke5 54. Rxh4 f5 55. a8=Q Rxa8 56. Ke2 f4 57. Kf3 Ra1 58. Rh5+ Kd4 59.
Rh8 Rf1+ 60. Ke2 Rf2+ 61. Ke1 Rh2 62. h4 f3 0-1